Světová a evropská nákupní centra nové generace
Klasifikácia nákupných centier v USA. Vybrané charakteristiky jednotlivých typov nákupných centier. Zaujímavé informácie o najväčších nákupných centrách sveta. Nákupné centrá na európskom trhu a ich klasifikácia. Najväčšie nákupné centrá v Európe (2014).
Salvato in:
| Autore principale: | |
|---|---|
| Natura: | Capitolo di libro |
| Lingua: | ceco |
| Soggetti: | |
| Tags: |
Nessun Tag, puoi essere il primo ad aggiungerne!!
|
MARC
| LEADER | 00000naa$a2200000$$$4500 | ||
|---|---|---|---|
| 001 | 0238436 | ||
| 005 | 20240502083637.7 | ||
| 041 | 0 | |a cze | |
| 044 | |a CZ | ||
| 245 | 1 | 0 | |a Světová a evropská nákupní centra nové generace |c Vanda Lieskovská |
| 520 | |a Klasifikácia nákupných centier v USA. Vybrané charakteristiky jednotlivých typov nákupných centier. Zaujímavé informácie o najväčších nákupných centrách sveta. Nákupné centrá na európskom trhu a ich klasifikácia. Najväčšie nákupné centrá v Európe (2014). | ||
| 610 | 2 | 0 | |a centrá obchodné |
| 610 | 2 | 0 | |a centrá nákupné |
| 610 | 2 | 0 | |a maloobchod |
| 610 | 2 | 0 | |a svet |
| 610 | 2 | 0 | |a Európa |
| 610 | 2 | 0 | |a USA |
| 100 | 1 | |a Lieskovská, Vanda, 1961- | |